| 000 | 00836nam a2200217 a 4500 | ||
|---|---|---|---|
| 001 | 49818 | ||
| 003 | BD-RjUL | ||
| 005 | 20211209054731.0 | ||
| 008 | 920521r19521950enk 00010 eng d | ||
| 035 | _a(BD-RjUL)49938 | ||
| 040 |
_aANL _beng _dANL _cBD-RjUL |
||
| 041 | _aeng | ||
| 082 |
_223 _a907.1241 _bINT 1952 |
||
| 110 | 1 |
_aIncorporated Association of Assistant Masters in Secondary Schools (Great Britain) _9149329 |
|
| 245 | 1 | 4 |
_aThe teaching of history / _cIssued by the Incorporated Association of Assistant Masters in Secondary Schools (Great Britain) |
| 260 |
_aCambridge : _bUniversity Press, _c1950, [Reprinted 1952] |
||
| 300 |
_axiv, 221 p. : _bill. ; _c23 cm. |
||
| 504 | _aIncludes bibliographical references and index | ||
| 650 | 0 |
_aHistory _xStudy and teaching (Secondary) _zGreat Britain. _9149330 |
|
| 942 |
_2ddc _cBK |
||
| 999 |
_c49818 _d49818 |
||